000 00581nam a2200193Ia 4500
001 15266
003 GE_BSU
008 181216s||||||||xx |||||||||||||| ||und||
040 _cGE_BSU
080 _a821.353.1+821.353.1-32
100 _aშენგელაია,დემნა
245 _aთხზულებანი 2 ტომად. ტ.1
260 _aთბილისი
260 _bსაბჭოთა საქართველო
260 _c1959
300 _a664გვ.1ფ.პორტრ.
653 _aთხზულებანი
942 _cBK
999 _c48378
_d48378